Estadísticas para Serie de palabras - Geografía

Haz click aquí para intentar la prueba.

Estadísticas generales

  • Esta prueba ha sido intentada 73 veces
  • La puntuación promedio es 10 de 20

Estadísticas de respuestas

PistaRespuesta% Correcto
Único país con hebreo como idioma oficialIsrael
94%
Tercera ciudad más grande de FranciaLyon
78%
Esta cordillera rusa separa Europa y AsiaUrales
75%
El continente menos pobladoAntártida
70%
La capital más aislada de EuropaReikiavik
66%
Lo contrario de meridionalSeptentrional
66%
Gentilicio de AngolaAngoleño
64%
La pizza moderna procede de esta ciudadNápoles
59%
Según una tradición, San Patricio erradicó los serpientes de esta islaIrlanda
56%
Mahoma vivía principalmente en donde se encuentra este país modernoArabia Saudí
53%
Este país es el más exitoso en el maratónKenia
48%
Una comunidad autónoma española o una provincia argentinaLa Rioja
48%
Esta ciudad alberga una universidad que se fundó cerca de 1096Oxford
48%
La isla más grande de IndonesiaSumatra
39%
Este río ha sido importante en la guerra ruso-ucranianaDniéper
33%
La ciudad del aeropuerto más transitado del mundoAtlanta
27%
Alfabéticamente, la primera capital mundialAbu Dabi
19%
La capital de este estado mexicano es TepicNayarit
19%
A menudo conocido como el «cementerio de imperios»Afganistán
17%
Hasta 1974, se llamaba Islas ElliceTuvalu
16%

Distribución de puntuación

Porcentaje por número respondido

Porcentaje de gente con cada puntuación

Historial de tus puntuaciones

No has intentado esta prueba.